[Event "Liga Insular Gran Canaria 1b"]
[Site "Las Palmas"]
[Date "2019.03.02"]
[Round "1.4"]
[White "Medina Suarez, Jose Roman"]
[Black "Suarez Gonzalez, Isidro"]
[Result "1/2-1/2"]
[WhiteElo "1562"]
[BlackElo "1306"]
[PlyCount "128"]
[EventDate "2019.03.02"]
[EventType "team-tourn"]
[EventRounds "7"]
[EventCountry "ESP"]
[SourceTitle "EXT 2021"]
[Source "ChessBase"]
[SourceDate "2020.10.23"]
[SourceVersion "1"]
[SourceVersionDate "2020.10.23"]
[SourceQuality "1"]
[WhiteTeam "Anand II"]
[BlackTeam "Sociedad La Montana III"]
[WhiteTeamCountry "ESP"]
[BlackTeamCountry "ESP"]

1. e4 e5 2. Bc4 Nf6 3. d3 Nc6 4. Bg5 g6 5. Nc3 Bb4 6. Qf3 Be7 7. Bh6 Nd4 8. Qd1 d6 9. h3 Be6 10. Bxe6 Nxe6 11. Nf3 c6 12. 0-0 Ng8 13. Be3 Ng5 14. Nh2 Ne6 15. Nf3 Ng5 16. Nxg5 Bxg5 17. Qd2 h6 18. f4 Bf6 19. fxe5 dxe5 20. Qf2 Qd7 21. Rad1 0-0-0 22. Rd2 b6 23. Rfd1 c5 24. Nd5 Bg5 25. c3 Bxe3 26. Qxe3 Ne7 27. Nf6 Qe6 28. Qf2 Nc6 29. Nd5 Rd6 30. a4 Rhd8 31. b4 cxb4 32. cxb4 R8d7 33. Rc1 Kb7 34. Rdc2 Nd4 35. Rc7+ Rxc7 36. Rxc7+ Kb8 37. Rxf7 Ne2+ 38. Kh2 Nf4 39. Rf8+ Kb7 40. Nxf4 exf4 41. Qxf4 g5 42. Qf3 Qe5+ 43. Kg1 Qa1+ 44. Qf1 Qxa4 45. Qf7+ Rd7 46. Qc4 Qa1+ 47. Rf1 Qd4+ 48. Qxd4 Rxd4 49. Rd1 Rxb4 50. d4 Kc7 51. e5 Kd7 52. d5 a5 53. Rf1 Rd4 54. Rb1 Rxd5 55. Rxb6 h5 56. e6+ Ke7 57. Ra6 Rb5 58. Kf2 Re5 59. Kf3 Rb5 60. Ke4 Rc5 61. g3 Rb5 62. Kd4 Kf6 63. Kc4 Re5 64. Kd4 Rb5 1/2-1/2

[Event "Gran Canaria Santana Memorial 5th"]
[Site "Gran Canaria"]
[Date "2017.02.21"]
[Round "6"]
[White "Moreno Diepa, Diego"]
[Black "Suarez Gonzalez, Isidro"]
[Result "1/2-1/2"]
[WhiteElo "1196"]
[BlackElo "1143"]
[PlyCount "62"]
[EventDate "2017.02.03"]
[EventType "swiss"]
[EventRounds "7"]
[EventCountry "ESP"]
[SourceTitle "CBM 177 Extra"]
[Source "ChessBase"]
[SourceDate "2017.04.27"]
[SourceVersion "1"]
[SourceVersionDate "2017.04.27"]
[SourceQuality "1"]

1. e4 e5 2. Nf3 Nc6 3. Bc4 h6 4. 0-0 Nf6 5. Nc3 d6 6. b3 Be7 7. Bb2 Be6 8. Bxe6 fxe6 9. Qe2 0-0 10. Qc4 Qd7 11. d4 exd4 12. Nxd4 Nxd4 13. Qxd4 e5 14. Qc4+ Kh8 15. Ne2 Rac8 16. Rad1 Qg4 17. f3 Qg6 18. Ng3 Qf7 19. Nf5 Qxc4 20. bxc4 Bd8 21. Ba3 Kh7 22. c5 a6 23. cxd6 cxd6 24. Nxd6 Bb6+ 25. Kh1 Rc6 26. Nc4 Re8 27. Nxb6 Rxb6 28. Rb1 Rxb1 29. Rxb1 Rd8 30. h3 b5 31. Bb2 Rd2 1/2-1/2

[Event "Gran Canaria Santana Memorial 5th"]
[Site "Gran Canaria"]
[Date "2017.02.03"]
[Round "1"]
[White "Suarez Gonzalez, Isidro"]
[Black "Sanchez Montesdeoca, Isaac"]
[Result "1/2-1/2"]
[WhiteElo "1143"]
[BlackElo "1757"]
[PlyCount "116"]
[EventDate "2017.02.03"]
[EventType "swiss"]
[EventRounds "7"]
[EventCountry "ESP"]
[SourceTitle "CBM 177 Extra"]
[Source "ChessBase"]
[SourceDate "2017.04.27"]
[SourceVersion "1"]
[SourceVersionDate "2017.04.27"]
[SourceQuality "1"]

1. e4 c5 2. Nc3 e6 3. Nf3 Nc6 4. d4 cxd4 5. Nxd4 Qb6 6. Nxc6 bxc6 7. Bd3 Bb4 8. Bd2 Nf6 9. 0-0 0-0 10. a3 Be7 11. Rb1 Ba6 12. Bxa6 Qxa6 13. Bg5 Qa5 14. Bxf6 Bxf6 15. Qxd7 Rfd8 16. Qxc6 Rac8 17. Qb7 Rc7 18. Qb4 Qh5 19. Rfd1 Rdc8 20. Qb5 Rc5 21. Qe2 Qxe2 22. Nxe2 Rxc2 23. Rbc1 Rxc1 24. Rxc1 Rxc1+ 25. Nxc1 Bxb2 26. Nb3 Bxa3 27. Kf1 Kf8 28. Ke2 Ke7 29. Na5 Kd7 30. Kd3 Bc5 31. f3 f6 32. Kc4 Bb6 33. Nb3 Kd6 34. Nc1 h5 35. Nd3 g5 36. h3 a6 37. h4 Be3 38. hxg5 fxg5 39. Kb4 Bd2+ 40. Ka4 e5 41. Kb3 Ba5 42. Kc4 Bd2 43. Nc5 a5 44. Kb5 h4 45. Nd3 Bc3 46. Nc5 Be1 47. Nd3 Bc3 48. Nc5 Ke7 49. Nd3 Kf6 50. Nf2 Bd4 51. Ng4+ Kg6 52. Kxa5 h3 53. gxh3 Kh5 54. Nf6+ Kh4 55. Nh7 Be3 56. Kb5 Kxh3 57. Kc4 Kg3 58. Kd5 Kxf3 1/2-1/2